[Event "TCh-CAT 2012"]
[Site "Catalunya ESP"]
[Date "2012.03.24"]
[Round "9.4"]
[White "Gonzalez Perez,A"]
[Black "Hernando Rodrigo,Ju"]
[Result "1-0"]
[WhiteElo "2464"]
[BlackElo "2323"]

1.d4 Nf6 2.c4 e6 3.Nf3 Bb4+ 4.Nbd2 O-O 5.a3 Be7 6.e3 b6 7.Bd3 Bb7 8.O-O c5
9.b3 d6 10.Bb2 Nbd7 11.Qe2 Qc7 12.Rad1 a6 13.Rc1 Rad8 14.Rfd1 Qb8 15.e4 cxd4
16.Nxd4 Ne5 17.Bb1 b5 18.cxb5 axb5 19.Qxb5 d5 20.f4 Neg4 21.e5 Ne4 22.Nxe4 dxe4
23.Qe2 h5 24.h3 Nxe5 25.fxe5 Qxe5 26.Nc6 Rxd1+ 27.Qxd1 Bc5+ 28.Bd4 Bxd4+
29.Qxd4 Qg5 30.Rc5 f5 31.Bxe4 Kh7 32.Bf3 Bxc6 33.Rxc6 Rd8 34.Qe5 Rd3 35.Rc3 Rxc3
36.Qxc3 Qg3 37.Qe3 e5 38.Qf2 Qg5 39.Be2 Qc1+ 40.Kh2 g6 41.a4 e4 42.a5 Qc7+
43.g3 Qxa5 44.Bc4 Qe5 45.h4 e3 46.Qf3 Qb2+ 47.Qg2 Qe5 48.Qa8 Qg7 49.Qe8 f4
50.gxf4 Qf6 51.Kg3  1-0

[Event "European Senior Teams 2012"]
[Site "Rogaska Slatina SLO"]
[Date "2012.03.27"]
[Round "1.3"]
[White "Svensson,Soren"]
[Black "Turikov,V"]
[Result "0-1"]
[WhiteElo "2062"]
[BlackElo "2263"]

1.d4 Nf6 2.c4 e6 3.Nf3 Bb4+ 4.Nbd2 b6 5.g3 Bb7 6.Bg2 a5 7.O-O O-O 8.Qc2 Re8
9.a3 Bxd2 10.Bxd2 Be4 11.Qc3 d6 12.Rfd1 Nbd7 13.Rac1 Qc8 14.Bf4 Qb7 15.Ne1 Bxg2
16.Nxg2 a4 17.h3 e5 18.dxe5 Nxe5 19.Qc2 Qe4 20.f3 Qxc2 21.Rxc2 h6 22.Kf2 Ra5
23.Be3 Nfd7 24.Nf4 Ra7 25.Nd5 Kf8 26.f4 Nc6 27.g4 Nc5 28.Kf3 Na5 29.h4 Nab3
30.h5 Ne4 31.g5 Nbc5 32.Rg1 c6 33.Nb4 Rc7 34.Bd4 hxg5 35.fxg5 Ne6 36.Kxe4 c5
37.Nd5 Nxd4+ 38.Kd3 Rb7 39.Rd2 b5 40.Rg2 Nc6 41.cxb5 Rxb5 42.Nc3 Rb3 43.Kc2 Nd4+
44.Kd1 Re3 45.Nxa4 Rh3 46.Ke1 Rxh5 47.Nc3 Rh1+ 48.Kf2 Ke7 49.e3 Nf5 50.e4 Nd4
51.Kg3 Ke6 52.Kg4 Nc6 53.Rgf2 Ne5+ 54.Kg3 Nc4 55.Rde2 Nxb2 56.Rf3 Nc4 57.a4 Ne5
58.Rfe3 Ra3 59.Rb2 Nc4  0-1

[Event "European Senior Teams 2012"]
[Site "Rogaska Slatina SLO"]
[Date "2012.04.03"]
[Round "8.1"]
[White "Hecht,HJ"]
[Black "Mishuchkov,N"]
[Result "1/2-1/2"]
[WhiteElo "2383"]
[BlackElo "2431"]

1.Nf3 Nf6 2.d4 e6 3.c4 Bb4+ 4.Nbd2 O-O 5.a3 Be7 6.e4 d5 7.e5 Nfd7 8.b4 a5
9.b5 c5 10.cxd5 exd5 11.Bd3 cxd4 12.Qc2 h6 13.Nb3 Re8 14.O-O Bf8 15.Re1 a4
16.Nbxd4 Nc5 17.Bf1 Nbd7 18.Bb2 Nb6 19.Re3 Ne6 20.Rd1 Bd7 21.Nxe6 Bxe6 22.Nd4 Rc8
23.Rc3 Rxc3 24.Qxc3 Qc8 25.Rc1 Qxc3 26.Rxc3 Rc8 27.Rxc8  1/2-1/2

[Event "Campomanes Mem GM Open"]
[Site "Bandar Seri Begawan BRU"]
[Date "2012.04.08"]
[Round "2.2"]
[White "Dao Thien Hai"]
[Black "Mas,H"]
[Result "1/2-1/2"]
[WhiteElo "2516"]
[BlackElo "2377"]

1.d4 Nf6 2.c4 e6 3.Nf3 Bb4+ 4.Nbd2 b6 5.a3 Bxd2+ 6.Qxd2 Bb7 7.e3 d6 8.b4 a5
9.Bb2 Nbd7 10.Be2 O-O 11.O-O Qe7 12.Qc2 Ne4 13.Nd2 Nxd2 14.Qxd2 Rfc8 15.Rfd1 axb4
16.axb4 Rxa1 17.Rxa1 Ra8 18.Rxa8+ Bxa8 19.f3 Qe8 20.Bd1 Qb8 21.Ba4 Nf8 22.d5 b5
23.Bxb5 Bxd5 24.Qd4 f6 25.Bc3 Bb7 26.Ba4 Qa8 27.Qd1 Kf7 28.Kf2 Bc6 29.Bb3 Qa3
30.Qc2 Nd7 31.Qa2 Qxa2+ 32.Bxa2 Nb6 33.Ke2 Ke7 34.Kd3 d5 35.cxd5 Nxd5 36.Bd2 Bb5+
37.Bc4 c6 38.Kd4  1/2-1/2

[Event "Karposh Open 2012"]
[Site "Skopje MKD"]
[Date "2012.04.08"]
[Round "3.29"]
[White "Koksal,E"]
[Black "Menkinoski,R"]
[Result "1-0"]
[WhiteElo "2154"]
[BlackElo "2369"]

1.d4 Nf6 2.c4 e6 3.Nf3 Bb4+ 4.Nbd2 O-O 5.g3 d5 6.Bg2 Nc6 7.Qc2 dxc4 8.Qxc4 Ne4
9.e3 Qd5 10.Qc2 Nxd2 11.Bxd2 Bxd2+ 12.Qxd2 Qc4 13.Qc3 Qa6 14.Nd2 Bd7 15.Nb3 Be8
16.Nc5 Qb6 17.O-O a5 18.Rfc1 Ra7 19.b3 Nb4 20.Nd3 Nxd3 21.Qxd3 Bb5 22.Qc3 c6
23.Qc5 Qxc5 24.Rxc5 a4 25.b4 a3 26.Bf1 Bxf1 27.Kxf1 g6 28.Rb1 Rd8 29.b5 cxb5
30.Rbxb5 Rd7 31.Ke2 Kf8 32.Kd3 Ke7 33.Rc3 Rd8 34.Rbb3 b5 35.Rxa3 Rad7 36.Rc5 b4
37.Ra4 Rb8 38.Kc4 Rdb7 39.Kb3 Kd6 40.Rc4  1-0

[Event "14th Dubai Open 2012"]
[Site "Dubai UAE"]
[Date "2012.04.16"]
[Round "2.5"]
[White "Gupta,Ab"]
[Black "Vishnu,P"]
[Result "1/2-1/2"]
[WhiteElo "2643"]
[BlackElo "2406"]

1.d4 Nf6 2.c4 e6 3.Nf3 Bb4+ 4.Nbd2 O-O 5.a3 Be7 6.g3 b6 7.Bg2 Bb7 8.O-O c5
9.d5 exd5 10.Nh4 g6 11.cxd5 Bxd5 12.e4 Bc6 13.e5 Ne8 14.Ndf3 Na6 15.Qd2 Nac7
16.Qh6 Ne6 17.Rd1 Qc7 18.b4 Rd8 19.Bb2 N8g7 20.Rac1 Rfe8 21.b5 Bxb5 22.Rd6 Bc6
23.Rcd1 Bf8 24.Ng5 Nxg5 25.Qxg5 Ne6 26.Qg4 Bxg2 27.Nxg2 Nd4 28.Bxd4 cxd4
29.R6xd4 Rxe5 30.Ne3 Qc6 31.Nd5 Bg7 32.Nb4 Qe6 33.Qxe6 Rxe6 34.Rxd7 Re1+
35.Rxe1 Rxd7 36.Re8+ Bf8 37.Nc6 Kg7 38.a4 Bc5 39.Kf1 Rc7 40.Ne5 Bd6 41.f4 Rc1+
42.Kg2 Ra1 43.Nc6 Rxa4 44.Rd8 Bc5 45.Rd7 b5 46.Ne5 Rd4 47.Rxf7+ Kg8 48.Rb7 Bb6
49.Nc6 Rd6 50.Nxa7  1/2-1/2

[Event "World Amateur Championship"]
[Site "Neos Marmaras GRE"]
[Date "2012.04.17"]
[Round "2"]
[White "Akinci,M"]
[Black "Tsakiris,H"]
[Result "0-1"]
[WhiteElo "1846"]
[BlackElo "1956"]

1.d4 e6 2.Nf3 Nf6 3.c4 Bb4+ 4.Nbd2 O-O 5.e3 b6 6.Bd3 Bb7 7.O-O Be7 8.e4 d5
9.e5 Nfd7 10.Qe2 c5 11.cxd5 Bxd5 12.Ne4 cxd4 13.Nfg5 h6 14.Qh5 Nxe5 15.Nxe6 Bxe6
16.Qxe5 Nc6 17.Qg3 Kh8 18.Bf4 Qd5 19.a3 Qh5 20.Bd6 Qg4 21.Rac1 Qxg3 22.Bxg3 Bd5
23.Nd6 Bxd6 24.Bxd6 Rfd8 25.Bc7 Rdc8 26.Bd6 Na5 27.Ba6 Rxc1 28.Rxc1 Nb3 29.Re1 Be6
30.f3 Rd8 31.Be7 Rd7 32.Bb4 Rc7 33.Bd3 a5 34.Bd6 Rd7 35.Bf4 Nc5 36.Bb5 Rd5
37.Bc4 Rf5 38.Bxe6 Nxe6 39.Bd2 Rc5 40.Rc1 Kh7 41.b4 Rxc1+ 42.Bxc1 Kg6 43.Kf2 Kf5
44.Ke2 Nf4+ 45.Kf1 axb4 46.axb4 Ke5 47.Bd2 b5 48.g3 Ng6 49.Ke2 Kd5 50.Kd3 Ne5+
51.Ke2 Kc4 52.Bf4 Nc6 53.Bd6 g6 54.h4 h5 55.g4 Nxb4 56.gxh5 gxh5 57.Kd2 Nd5  0-1

[Event "TCh-CZE Extraliga 2011-12"]
[Site "Czech Republic CZE"]
[Date "2012.04.21"]
[Round "10.3"]
[White "Laznicka,V"]
[Black "Mudrak,J"]
[Result "1-0"]
[WhiteElo "2701"]
[BlackElo "2368"]

1.d4 Nf6 2.Nf3 e6 3.c4 Bb4+ 4.Nbd2 d5 5.a3 Be7 6.g3 O-O 7.Bg2 c5 8.dxc5 Bxc5
9.O-O a5 10.cxd5 exd5 11.Nb3 Bb6 12.Bg5 Nc6 13.Rc1 h6 14.Bf4 Re8 15.Nbd4 Nxd4
16.Nxd4 g5 17.Be3 Ng4 18.Qd3 Re5 19.Bd2 Nf6 20.Bc3 Qe7 21.Qb5 Ra6 22.Nf3 Bd7
23.Qd3 Bf5 24.Qxa6 bxa6 25.Nxe5 Be4 26.e3 Bxg2 27.Kxg2 a4 28.Bd4 Bxd4 29.exd4 Ne4
30.Rc8+ Kg7 31.Rfc1 Nd6 32.R8c7  1-0

[Event "TCh-CZE Extraliga 2011-12"]
[Site "Czech Republic CZE"]
[Date "2012.04.21"]
[Round "10.5"]
[White "Bulski,K"]
[Black "Palecek,P"]
[Result "1-0"]
[WhiteElo "2507"]
[BlackElo "2227"]

1.d4 Nf6 2.c4 e6 3.Nf3 Bb4+ 4.Nbd2 b6 5.a3 Bxd2+ 6.Qxd2 Bb7 7.e3 O-O 8.Be2 d6
9.O-O Ne4 10.Qc2 f5 11.b4 Nd7 12.d5 e5 13.Nd2 Nxd2 14.Bxd2 c6 15.dxc6 Bxc6
16.f3 Qe7 17.Rad1 Rac8 18.Be1 d5 19.Qa2 dxc4 20.Bxc4+ Kh8 21.b5 Bb7 22.Be6 Rc7
23.Bxd7 Rxd7 24.Bb4 Qf7 25.Rxd7 Qxa2 26.Bxf8 Bd5 27.Bxg7+ Kg8 28.Rc1 Bc4
29.Bxe5 Qe2 30.Bf4 Kf8 31.e4  1-0

[Event "TCh-CZE Extraliga 2011-12"]
[Site "Czech Republic CZE"]
[Date "2012.04.21"]
[Round "10.2"]
[White "Rosko,L"]
[Black "Tazbir,M"]
[Result "1/2-1/2"]
[WhiteElo "2322"]
[BlackElo "2520"]

1.d4 Nf6 2.c4 e6 3.Nf3 Bb4+ 4.Nbd2 O-O 5.a3 Be7 6.e4 d5 7.Bd3 dxe4 8.Nxe4 Nxe4
9.Bxe4 Nd7 10.Bc2 b6 11.Qd3 Nf6 12.Bg5 g6 13.Bh6 Re8 14.Ne5 Bb7 15.Ba4 Bxg2
16.Bxe8 Qxe8 17.Rg1 Bb7 18.O-O-O Ne4 19.Qe2  1/2-1/2

[Event "TCh-NED Meesterklasse 2011-12"]
[Site "Netherlands NED"]
[Date "2012.04.22"]
[Round "9.8"]
[White "Levin,F"]
[Black "Paulet,I"]
[Result "1-0"]
[WhiteElo "2482"]
[BlackElo "2236"]

1.d4 Nf6 2.c4 e6 3.Nf3 Bb4+ 4.Nbd2 b6 5.a3 Bxd2+ 6.Qxd2 Bb7 7.b4 Ne4 8.Qc2 d6
9.Bb2 O-O 10.e3 f5 11.Be2 Nd7 12.O-O Rf6 13.d5 Rg6 14.Rad1 c5 15.g3 Qe7 16.Ne1 Rf8
17.Ng2 e5 18.f3 Nxg3 19.hxg3 Rxg3 20.f4 Qh4 21.Rf3 Rg6 22.fxe5 Qg5 23.Bd3 Bc8
24.e6 Nf6 25.Bxf5 Rh6 26.e4 g6 27.Bc1 Qh5 28.Rh3  1-0

[Event "Spartak IM 2012"]
[Site "Subotica SRB"]
[Date "2012.04.24"]
[Round "7.5"]
[White "Djokic,Nen"]
[Black "Vasovski,N"]
[Result "1-0"]
[WhiteElo "2393"]
[BlackElo "2279"]

1.d4 Nf6 2.Nf3 e6 3.c4 Bb4+ 4.Nbd2 c5 5.a3 Bxd2+ 6.Qxd2 cxd4 7.Nxd4 O-O 8.e3 d5
9.cxd5 Qxd5 10.Nb5 Qc6 11.f3 Na6 12.b4 Nc7 13.Nd4 Qd7 14.Nb3 Rd8 15.Be2 b6
16.Qxd7 Rxd7 17.Bb2 Ba6 18.Bxa6 Nxa6 19.Ke2 Rc8 20.Rac1 Rdc7 21.Be5 Rxc1
22.Rxc1 Rxc1 23.Nxc1 Nd7 24.Bd6 f6 25.Nb3 Ne5 26.b5 Nc4 27.Bg3 Nc5 28.Nxc5 bxc5
29.a4 e5 30.e4 Nb6 31.a5 Nc8 32.Bf2 Nd6 33.b6 axb6 34.axb6 Kf7 35.Kd3 c4+
36.Kc3 Ke6 37.Bc5  1-0

[Event "ch-LTU 2012"]
[Site "Vilnius LTU"]
[Date "2012.04.29"]
[Round "9"]
[White "Vedrickas,T"]
[Black "Kveinys,A"]
[Result "0-1"]
[WhiteElo "2318"]
[BlackElo "2512"]

1.d4 Nf6 2.c4 e6 3.Nf3 Bb4+ 4.Nbd2 b6 5.a3 Bxd2+ 6.Qxd2 Bb7 7.e3 O-O 8.Bd3 d6
9.Qc2 c5 10.e4 cxd4 11.Nxd4 Nbd7 12.f3 Ne5 13.O-O Rc8 14.b3 Ba6 15.Be2 b5
16.f4 Qb6 17.Qd1 bxc4 18.Be3 Nd3 19.Rb1 Nc5 20.bxc4 Qc7 21.e5 dxe5 22.fxe5 Nfe4
23.Qc2 Qxe5 24.Rf3 f5 25.Rd1 f4 26.Bc1 Ng5 27.Rff1 Bb7 28.Bf3 Nxf3+ 29.Nxf3 Qh5
30.Bb2 Be4 31.Qc3 Rf7 32.Qa5 Qg6 33.Rd8+ Rxd8 34.Qxd8+ Rf8 35.Qd4 Rc8 36.Nh4 Qg5
37.Rxf4 Rd8 38.Rg4 Rxd4 39.Rxg5 Rd1+ 40.Kf2 Nd3+ 41.Ke3 Nxb2 42.Kxe4 Nxc4
43.Rc5 Nxa3 44.Nf3 Rd8 45.Ng5 h6 46.Nxe6 Rd2 47.Ke5 Rc2 48.Rd5 Nc4+ 49.Kd4 Nb6
50.Ra5 Rc4+ 51.Kd3 Kf7 52.Nc5 Kg6 53.g3 Rc1 54.h4 Nc4 55.Ra6+ Kf5 56.g4+ Ke5
57.Nd7+ Kf4 58.Ra4 Rd1+ 59.Kxc4 Rxd7 60.Kc5+ Ke5 61.Kc6 Rd6+ 62.Kc5 Rd5+
63.Kc6 Rd4 64.Ra5+ Ke6 65.g5 Rxh4 66.gxh6 Rxh6 67.Rxa7 g5 68.Kc5 Rh4 69.Rg7 Kf5
70.Kd5 Ra4  0-1

[Event "Open Hradec Kralove 2012"]
[Site "Hradec Kralove CZE"]
[Date "2012.05.14"]
[Round "3"]
[White "Kraus,On"]
[Black "Jedlicka,A"]
[Result "1-0"]
[WhiteElo "1995"]
[BlackElo "2215"]

1.d4 Nf6 2.Nf3 e6 3.c4 Bb4+ 4.Nbd2 b6 5.a3 Bxd2+ 6.Qxd2 Bb7 7.e3 d6 8.Be2 Nbd7
9.O-O O-O 10.b4 Ne4 11.Qc2 f5 12.Ne1 Qg5 13.f3 Nef6 14.e4 Qh4 15.g3 Qh3 16.Nd3 e5
17.Nf2 Qh5 18.c5 bxc5 19.bxc5 Bc8 20.c6 Nb6 21.dxe5 dxe5 22.f4 Qe8 23.fxe5 Qxe5
24.Bf4 Qe7 25.Bd2 a5 26.Bd3 fxe4 27.Nxe4 Bh3 28.Nxf6+ Rxf6 29.Rae1 Qd6 30.Rxf6 Qxf6
31.Bxh7+ Kh8 32.Bc3 Qg5 33.Re5 Rf8 34.Bd3 Qg6 35.Qd2 Bg4  1-0

[Event "FSGM May 2012"]
[Site "Budapest HUN"]
[Date "2012.05.15"]
[Round "11"]
[White "Horvath,Dav"]
[Black "Manca,F"]
[Result "1/2-1/2"]
[WhiteElo "2420"]
[BlackElo "2424"]

1.d4 Nf6 2.Nf3 e6 3.c4 Bb4+ 4.Nbd2 d5 5.Qa4+ Nc6 6.a3 Bxd2+ 7.Bxd2 Ne4 8.Qc2 O-O
9.e3 Bd7 10.Bd3 f5 11.b4 Be8 12.cxd5 exd5 13.b5 Ne7 14.Bb4 Rf6 15.O-O Ng6
16.a4 Re6 17.Rae1 Rc8 18.Nd2 Nh4 19.f3 Nxg2 20.Kxg2 Qg5+ 21.Kh1 Ng3+ 22.Kg2 Ne4+
23.Kh1 Ng3+ 24.Kg2 Ne4+ 25.Kh1  1/2-1/2

[Event "4th Limpedea Cup"]
[Site "Baia Sprie ROU"]
[Date "2012.05.24"]
[Round "5.5"]
[White "Chirila,I"]
[Black "Berescu,A"]
[Result "1/2-1/2"]
[WhiteElo "2521"]
[BlackElo "2516"]

1.d4 Nf6 2.c4 e6 3.Nf3 Bb4+ 4.Nbd2 b6 5.g3 Bb7 6.Bg2 O-O 7.O-O a5 8.a3 Bxd2
9.Bxd2 a4 10.Rc1 Be4 11.Ne1 Bxg2 12.Nxg2 c5 13.Bf4 d6 14.dxc5 dxc5 15.Qxd8 Rxd8
16.Bc7 Rc8 17.Bxb8 Rcxb8 18.Rfd1 Kf8 19.f3 Ke7 20.Ne3 Nd7 21.Kf2 Ne5 22.Rd2 Rd8
23.Rcd1 Rxd2 24.Rxd2 Nc6 25.Ke1 g5 26.Kf2 f5 27.Rd1 h6 28.f4 Rg8 29.Rd3 Na5
30.Rd1 Nc6  1/2-1/2

[Event "ch-ISL Playoff 2012"]
[Site "Kopavogur ISL"]
[Date "2012.05.25"]
[Round "1"]
[White "Thorhallsson,T"]
[Black "Thorfinnsson,Br"]
[Result "1/2-1/2"]
[WhiteElo "2425"]
[BlackElo "2449"]

1.d4 Nf6 2.c4 e6 3.Nf3 Bb4+ 4.Nbd2 O-O 5.a3 Be7 6.e4 d5 7.e5 Nfd7 8.b4 a5
9.b5 c5 10.cxd5 exd5 11.Bd3 Re8 12.O-O Nf8 13.dxc5 Bxc5 14.Nb3 Be7 15.h3 Nbd7
16.Re1 Nc5 17.Bc2 Ng6 18.Nbd4 Bf8 19.Bb1 Ne4 20.Bxe4 dxe4 21.Rxe4 Qd5 22.Qe2 Bc5
23.Bb2 f5 24.Re3 Nf4 25.Qf1 Bxd4 26.Nxd4 Bd7 27.Rd1 Qa2 28.Rd2 Qf7 29.Nf3 Ne6
30.Rd6 a4 31.Qd3 Re7 32.Nd4 Nxd4 33.Bxd4 Be6 34.Bb6 Ree8 35.Qd4 Rec8 36.Rc3 Rxc3
37.Qxc3 h6 38.Bc7 Re8 39.Qd4 Qxc7 40.Qxa4 Qc1+ 41.Kh2 Qc4 42.Qxc4 Bxc4 43.a4 Rxe5
44.Rb6 Bb3 45.Rxb7 Bxa4 46.b6 Rb5 47.Ra7 Bb3 48.b7 Kh7 49.Ra5 Rxb7 50.Rxf5 Kg6
51.Rc5 Rb6 52.Kg3 Be6 53.f3 Kf6 54.h4 Rd6 55.Rc2 Ra6 56.Rc5 Bf5 57.Rc3 Rd6
58.Rc5 h5 59.Ra5 g6 60.Ra4 Rd2 61.Ra6+ Ke5 62.Ra5+ Kd4 63.Ra8 Re2 64.Rd8+ Kc3
65.Rd1 Ra2 66.Rg1 Ra4 67.Re1 Kd2 68.Re5 Kd1 69.Re3 Ra2 70.Re8 Rd2 71.Re7 Bd3
72.Ra7 Bf1 73.Ra1+ Ke2 74.Rc1 Rd6 75.Ra1 Rd5 76.Rb1 g5 77.hxg5 Rxg5+ 78.Kh4 Rg8
79.g4 hxg4 80.fxg4 Kf2 81.Rb6 Be2 82.g5 Ke3 83.Rf6 Ke4 84.g6 Rh8+ 85.Kg3 Ke5
86.g7 Rg8 87.Rf7 Bc4 88.Rc7 Be6 89.Kh4 Kf6 90.Kh5 Rd8 91.Rc6 Kxg7  1/2-1/2

[Event "50th ch-IND Challengers 2012"]
[Site "Tirupati IND"]
[Date "2012.05.28"]
[Round "13.14"]
[White "Murali Krishnan,B"]
[Black "Prince,Ba"]
[Result "1-0"]
[WhiteElo "2337"]
[BlackElo "2244"]

1.d4 Nf6 2.c4 e6 3.Nf3 Bb4+ 4.Nbd2 b6 5.e3 Bb7 6.Bd3 O-O 7.O-O d5 8.a3 Bxd2
9.Bxd2 Nbd7 10.cxd5 exd5 11.b4 Ne4 12.Rc1 Qe7 13.Qe2 Rac8 14.Bc3 c5 15.dxc5 Nxc3
16.Rxc3 bxc5 17.bxc5 Nxc5 18.Nd4 Nxd3 19.Rxc8 Rxc8 20.Qxd3 g6 21.h3 Qd6 22.Rb1 Ba6
23.Qb3 Bc4 24.Qb7 Qc7 25.Qxc7 Rxc7 26.Kh2 Rc5 27.Rc1 Ra5 28.Rc3 Ra4 29.h4 Kg7
30.g4 h5 31.f3 Kf6 32.Kg3 Ra6 33.Kf4 Rb6 34.e4 Ra6 35.e5+ Kg7 36.gxh5 gxh5
37.Ke3 Ra4 38.f4 Ra6 39.Nf5+ Kg6 40.Nd6 Kg7 41.f5 Ra4 42.Nxc4 dxc4 43.Kd4 Kf8
44.Rxc4 Rxa3 45.f6 Ke8 46.Rc7 Ra1 47.Ke4 Re1+ 48.Kf5 Rf1+ 49.Kg5 a5 50.Re7+ Kf8
51.Ra7 Ke8 52.Rxa5 Kd7 53.Ra7+ Ke6 54.Re7+ Kd5 55.Kxh5 Rg1 56.Kh6 Ke4 57.h5 Kf5
58.Kh7 Rg5 59.h6 Rg1 60.Rxf7 Kxe5 61.Rg7 Rf1 62.f7  1-0

[Event "Asian Junior Open 2012"]
[Site "Tashkent UZB"]
[Date "2012.05.30"]
[Round "1.2"]
[White "Swayams,M"]
[Black "Sattarov,B"]
[Result "1-0"]
[WhiteElo "2420"]
[BlackElo "2151"]

1.d4 Nf6 2.c4 e6 3.Nf3 Bb4+ 4.Nbd2 O-O 5.e3 b6 6.Bd3 Bb7 7.O-O Re8 8.a3 Bf8
9.e4 d6 10.b4 e5 11.d5 Nbd7 12.Nb3 g6 13.Re1 Bc8 14.Rb1 Bg7 15.Bd2 Nh5 16.Qc1 Nf8
17.c5 Bd7 18.Qc2 h6 19.Be3 Nf4 20.Bxf4 exf4 21.Ba6 Bg4 22.Nfd4 f3 23.gxf3 Bh3
24.f4 Qh4 25.Qd3 g5 26.Qg3 Ng6 27.f5 Be5 28.Qxh4 Nxh4 29.cxd6 Bxd6 30.Nd2 Bf4
31.N2f3 Ng2 32.Re2 g4 33.Ne1 Nh4 34.Nd3 Bg5 35.Ne1 Kh8 36.Rb3 Rg8 37.Rg3 Rae8
38.Nd3 Nf3+ 39.Nxf3 gxf3 40.Rc2 Bh4 41.Nf4 Bxg3 42.fxg3 Bg2 43.Rxc7 Rxe4
44.Rxf7 Rge8 45.Nxg2 fxg2 46.Kxg2 R8e7 47.Rf6 Kg7 48.Rg6+ Kh7 49.d6 Rf7 50.Re6 Rd4
51.Bc8 Rd2+ 52.Kh3 Kg7 53.Rg6+ Kh7 54.Re6 Kg7 55.g4 Rf6 56.Re7+ Kf8 57.Be6 a5
58.Rd7 Rd3+ 59.Kh4 Rd4 60.Rd8+ Kg7 61.Rg8+ Kh7 62.d7 Rxd7 63.Rg6 Rxe6 64.Rxe6 a4
65.Rxb6 Rd3 66.Rb7+ Kg8 67.Kh5 Rxa3 68.Kg6 Kf8 69.f6  1-0

[Event "Asian Junior Open 2012"]
[Site "Tashkent UZB"]
[Date "2012.06.05"]
[Round "7.8"]
[White "Saeed,I"]
[Black "Guseynov,A"]
[Result "1-0"]
[WhiteElo "2240"]
[BlackElo "2134"]

1.d4 Nf6 2.c4 e6 3.Nf3 Bb4+ 4.Nbd2 b6 5.e3 Bb7 6.Bd3 O-O 7.O-O Bxd2 8.Nxd2 d6
9.b3 Nbd7 10.Bb2 Qe7 11.Qe2 e5 12.Rad1 Rfe8 13.Bb1 e4 14.Rfe1 d5 15.f3 exf3
16.gxf3 c5 17.dxc5 Nxc5 18.Nf1 dxc4 19.bxc4 Ncd7 20.Ng3 Ne5 21.e4 Qc5+ 22.Kh1 Bc8
23.Qg2 Ng6 24.e5 Nh4 25.Qf1 Bb7 26.Bd4 Nxf3 27.Bxc5 Nxe1+ 28.Ne4 Nxe4 29.Kg1 Ng5
30.Rxe1 Nf3+ 31.Kf2 Nxe1 32.Bd6 Nf3 33.Qh3 Ng5 34.Qf5 h6 35.h4 g6 36.Qg4 Ne6
37.h5 Ng5 38.hxg6 fxg6 39.Bxg6 Red8 40.Ke3 Bc8 41.Qh5 Kg7 42.Be7 Be6 43.Bf6+ Kg8
44.Qxh6 Nf7  1-0

[Event "16th Voronezh Master Open"]
[Site "Voronezh RUS"]
[Date "2012.06.12"]
[Round "1.13"]
[White "Papin,V"]
[Black "Cherepanov,V"]
[Result "1-0"]
[WhiteElo "2570"]
[BlackElo "2285"]

1.d4 Nf6 2.Nf3 e6 3.c4 Bb4+ 4.Nbd2 O-O 5.a3 Bxd2+ 6.Qxd2 d6 7.e3 Nbd7 8.Be2 Qe7
9.O-O b6 10.b4 Bb7 11.Bb2 Ne4 12.Qc2 f5 13.Rad1 c5 14.Ne1 Rac8 15.Qb3 Ba8
16.dxc5 dxc5 17.f3 Nef6 18.Nd3 e5 19.Nf2 Rfd8 20.Bc3 Nf8 21.Qb1 e4 22.f4 Ne6
23.Qb2 Kf7 24.b5 Rxd1 25.Rxd1 Rd8 26.Ra1 h6 27.a4 Bb7 28.a5 Rd7 29.h3 Qd8
30.Rd1 Rxd1+ 31.Nxd1 Bc8 32.Qa1 Qe7 33.Nb2 Qb7 34.Na4 Nf8 35.Qd1 Be6 36.Qd8 bxa5
37.Nxc5 Qb6 38.Qd4 Bc8 39.Na4 Qc7 40.Qd2 Be6 41.Bxa5 Qc8 42.Qd4  1-0

[Event "Teplice Open 2012"]
[Site "Teplice CZE"]
[Date "2012.06.16"]
[Round "1.6"]
[White "Sergeev,Vl"]
[Black "Klakurka,S"]
[Result "1-0"]
[WhiteElo "2486"]
[BlackElo "1970"]

1.Nf3 Nf6 2.d4 e6 3.c4 Bb4+ 4.Nbd2 b6 5.g3 Bb7 6.Bg2 O-O 7.O-O Re8 8.Qc2 d5
9.Ne5 c6 10.Rd1 Nbd7 11.Ndf3 Nxe5 12.Nxe5 Rc8 13.Qa4 a5 14.a3 Be7 15.Bf4 Nd7
16.e4 Nxe5 17.Bxe5 dxc4 18.Qxc4 b5 19.Qc3 b4 20.Qf3 Qb6 21.Qg4 Bf8 22.axb4 axb4
23.Rac1 Kh8 24.Bf4 f6 25.Be3 Qd8 26.h4 Qd7 27.Bh3 Qf7 28.Rd2 Qg6 29.Qf3 Rcd8
30.e5 Ba8 31.exf6 gxf6 32.Qe2 e5 33.dxe5 Rxd2 34.Qxd2 fxe5 35.Bd7 Rb8 36.Qc2 Qxc2
37.Rxc2 Rd8 38.Bxc6 Rc8 39.Be4 Rxc2 40.Bxc2 Bd5 41.Kf1 Kg7 42.Ke2 h6 43.Kd3 Kf6
44.Ba4 Ke6 45.Bd1 Kd6 46.Bg4 Bg7 47.Bf5 Ba2 48.Ke2 Bd5 49.f3 Bc4+ 50.Bd3 Bf7
51.Be4 h5 52.Kf2 Bf8 53.g4 Ke6 54.Kg3 Kf6 55.Bb6 Bd6 56.g5+ Kg7 57.Bd8 Bg6
58.Bf6+ Kh7 59.b3 Bxe4 60.fxe4 Kg6 61.Kf3 Kf7 62.Ke2 Ke6 63.Bd8 Bc5 64.g6 Bf8
65.Bg5 Kd6 66.Bf6  1-0

[Event "3rd Mediterranean Open"]
[Site "Terrasini ITA"]
[Date "2012.06.26"]
[Round "4"]
[White "Burlov,V"]
[Black "Meijers,V"]
[Result "0-1"]
[WhiteElo "2347"]
[BlackElo "2485"]

1.d4 Nf6 2.c4 e6 3.Nf3 Bb4+ 4.Nbd2 b6 5.a3 Bxd2+ 6.Bxd2 d6 7.g3 Bb7 8.Bg2 Nbd7
9.O-O O-O 10.Bc3 Ne4 11.Qc2 Nxc3 12.Qxc3 f5 13.Rfd1 Qe7 14.b4 a5 15.b5 Rae8
16.Ra2 f4 17.Qd3 Ba8 18.Nd2 Bxg2 19.Kxg2 e5 20.dxe5 Nxe5 21.Qd5+ Kh8 22.Nf3 Qf6
23.Rd4 g5 24.g4 Nxg4 25.Qxg5 Qe6 26.Rxf4 Ne5 27.Nxe5 dxe5 28.Rxf8+ Rxf8  0-1

[Event "1st CT Casino Marina del Sol"]
[Site "Talcahuano CHI"]
[Date "2012.06.30"]
[Round "5.1"]
[White "Alarcon,Rod"]
[Black "Farfan Ortiz,V"]
[Result "0-1"]
[WhiteElo "2174"]
[BlackElo "2206"]

1.d4 Nf6 2.c4 e6 3.Nf3 Bb4+ 4.Nbd2 O-O 5.a3 Be7 6.g3 b6 7.Bg2 Bb7 8.Qc2 c5
9.e4 d5 10.e5 Nfd7 11.cxd5 exd5 12.O-O Nc6 13.dxc5 bxc5 14.Re1 a5 15.b3 a4
16.Bb2 Re8 17.e6 fxe6 18.Rxe6 axb3 19.Qxb3 Na5 20.Qc2 Nf8 21.Ree1 Bd6 22.Nh4 g6
23.Qd3 Be7 24.Rxe7 Qxe7 25.Bxd5+ Bxd5 26.Qxd5+ Ne6 27.Ne4 Rad8 28.Qe5 Nd4
29.Qxe7 Rxe7 30.Nxc5 Nab3 31.Nxb3 Nxb3 32.Rf1 Re2 33.Bc3 Rc8 34.Bb4 Rc1 35.Nf3 h6
36.Rxc1 Nxc1 37.Kf1 Rb2 38.Bd2 g5 39.Be3 Nd3 40.Nd2 Kf7 41.Ke2 Nc1+ 42.Kf3 Ke6
43.Ke4 Rc2 44.Nf3 Nb3 45.Nd4+ Nxd4 46.Bxd4 Rc4 47.h4 g4 48.h5 Ra4 49.Ke3 Rxa3+
50.Kf4 Ra4 51.Ke4 Rb4 52.Kd3 Kf5 53.Be3 Rb2 54.Kc3 Ra2 55.Kd3 Ra3+ 56.Ke2 Ke4
57.Bxh6 Ra5 58.Be3 Rxh5 59.Bf4 Ra5 60.Be3 Ra2+ 61.Bd2 Rb2 62.Ke1 Kd3 63.Bc1 Rb1
64.Kd1  0-1

[Event "40th TCh-GRE 2012"]
[Site "Achaea GRE"]
[Date "2012.07.01"]
[Round "3.16"]
[White "Barbageorgopoulou,F"]
[Black "Tsamantani,Eleni-Marina"]
[Result "1/2-1/2"]
[WhiteElo "1842"]
[BlackElo "1321"]

1.d4 Nf6 2.c4 e6 3.Nf3 Bb4+ 4.Nbd2 d6 5.e3 O-O 6.a3 Bxd2+ 7.Qxd2 Qe7 8.Be2 Nbd7
9.O-O e5 10.d5 Nc5 11.Qc2 Bg4 12.b4 Ncd7 13.e4 a6 14.Be3 Rac8 15.c5 c6 16.cxd6 Qxd6
17.Bc5 Nxc5 18.bxc5 cxd5 19.cxd6 Rxc2 20.Bd1 Rcc8 21.exd5 e4 22.Ng5 Bxd1
23.Rfxd1 Rcd8 24.Rd4 Rxd6 25.Rad1 Rfd8 26.Nxe4 Nxe4 27.Rxe4 Kf8 28.Red4 Rc8
29.a4 a5 30.g3 f6  1/2-1/2

[Event "ch-Pan Americano U20 2012"]
[Site "Sao Paulo BRA"]
[Date "2012.07.01"]
[Round "4.10"]
[White "Miquelin,Nicolas Seoane"]
[Black "Proudian,Armen"]
[Result "0-1"]
[WhiteElo "1944"]
[BlackElo "2204"]

1.c4 Nf6 2.Nf3 e6 3.d4 Bb4+ 4.Nbd2 O-O 5.a3 Be7 6.e3 d5 7.Bd3 b6 8.Qc2 Bb7
9.O-O dxc4 10.Bxc4 Nbd7 11.e4 c5 12.e5 Nd5 13.Ne4 cxd4 14.Neg5 g6 15.Re1 Rc8
16.Qe2 Qc7 17.Bxd5 Bxd5 18.Nxd4 Qc4 19.Ngf3 Qa4 20.Bd2 Nc5 21.Bb4 a5 22.Bxc5 Rxc5
23.Rac1 Rfc8 24.Rxc5 Rxc5 25.h3 Qc4 26.Qd2 Kg7 27.Kh2 h6 28.Rd1 Bd8 29.Re1 b5
30.Re3 b4 31.axb4 Qxb4 32.Rc3 Rxc3 33.bxc3 Qc4 34.Qb2 a4 35.Qa3 Ba5 36.Qe7 Qxc3
37.Qf6+ Kg8 38.Qh4 Bxf3 39.Nxf3 a3 40.Qxh6 a2 41.g4 Qxf3 42.Qc1 Qxf2+ 43.Kh1 Qe1+  0-1

[Event "40th TCh-GRE 2012"]
[Site "Achaea GRE"]
[Date "2012.07.02"]
[Round "4.14"]
[White "Kolomvas,Ioannis"]
[Black "Gazis,Ef"]
[Result "1-0"]
[WhiteElo "2082"]
[BlackElo "2310"]

1.d4 e6 2.c4 Nf6 3.Nf3 Bb4+ 4.Nbd2 d5 5.e3 O-O 6.a3 Be7 7.Bd3 b6 8.O-O Bb7
9.b4 dxc4 10.Nxc4 Nbd7 11.Bb2 c5 12.dxc5 bxc5 13.b5 Qc7 14.Nfe5 Rfd8 15.Qc2 Rac8
16.Rfd1 Nf8 17.Bc3 Nd5 18.Ba5 Nb6 19.Rab1 Rb8 20.Be4 Bd6 21.Nxd6 Rxd6 22.Nc6 Bxc6
23.Bxc6 Rbd8 24.g3 e5 25.Rbc1 Ne6 26.Bf3 g6 27.h4 Kg7 28.Bc3 Rxd1+ 29.Rxd1 Nd4
30.exd4 cxd4 31.Bc6 dxc3 32.Rxd8 Qxd8 33.Qxc3 Qd6 34.Qb3 Qd4 35.Be8 Nc4 36.a4 Kf8
37.Bc6 Kg7 38.Qf3 Nb6 39.h5 f5 40.Qa3 Qd8 41.a5 Nc4 42.Qc5 Qd4 43.Qxd4 exd4
44.b6 axb6 45.a6 b5 46.a7 Nb6 47.Bxb5 f4 48.hxg6 fxg3 49.fxg3 Kxg6 50.Bd3+ Kg7
51.Kg2 h6 52.Kf3 Kf6 53.Ke4 Kg5 54.Kxd4 Kg4 55.Kc5  1-0

[Event "40th TCh-GRE 2012"]
[Site "Achaea GRE"]
[Date "2012.07.02"]
[Round "4.13"]
[White "Markomihelakis,Dimitris"]
[Black "Vlahakis,Nikos"]
[Result "0-1"]
[WhiteElo "1420"]
[BlackElo "1534"]

1.d4 Nf6 2.c4 e6 3.Nf3 Bb4+ 4.Nbd2 b6 5.a3 Bxd2+ 6.Bxd2 Bb7 7.e3 O-O 8.Bd3 Ne4
9.Bxe4 Bxe4 10.Bc3 d6 11.O-O Bb7 12.b4 Qe7 13.Re1 f5 14.Qe2 Nd7 15.Rad1 Rf6
16.d5 e5 17.Qc2 Raf8 18.g3 h6 19.Nh4 g5 20.Ng2 g4 21.Nf4 R8f7 22.Qd3 Bc8
23.Qf1 Rh7 24.h4 gxh3 25.Qxh3 Rff7 26.Ng6 Qg5 27.Nh4 Rhg7 28.Kh2 Qh5 29.Rg1 Nf6
30.f3 Bd7 31.Rdf1 f4 32.g4 Qg5 33.Nf5 Rh7 34.e4 Kf8 35.Be1 h5 36.Bh4 hxg4
37.fxg4 Rxh4 38.Nxh4 Rh7 39.Kg2 Rxh4 40.Qb3 Nxg4 41.Kf3 Rh3+  0-1